Statistics for UK History Picture Quiz - R

Click here to take the quiz!

General Stats

  • This quiz has been taken 189 times
  • The average score is 11 of 15

Answer Stats

Answer% Correct
Wars of the {Roses}
99%
Robin Hood
98%
Richard III
97%
Jack the {Ripper}
96%
Rugby
92%
Southern {Rhodesia}
92%
Sir Walter {Raleigh}
90%
Rationing
87%
Range Rover
83%
Henley {Regatta}
77%
Ruff
66%
{Reading} Festival
43%
Rockall
25%
{Rosslyn} Chapel
22%
{Rathlin} Island
15%

Score Distribution

Percentile by Number Answered

Percent of People with Each Score

Your Score History

You have not taken this quiz